000 00416 a2200157 4500
001 74182
020 _a8573073667
040 _cAnchieta - Colégio São Paulo
100 _aVentura,Montserrat
240 1 0 _aA Organização do Currículo por Projetos de Trabalho
_lpor
245 1 0 _aA Organização do Currículo por Projetos de Trabalho
300 _a199
362 0 _a1998
650 4 _aEducação
942 _cBK
999 _c74182
_d74182